000 01096nam a22003257a 4500
003 CHAP
005 20220329140749.0
008 971013s1959 r 00010 d
010 _a57254
011 _a58226
035 _a62381
040 _cCHAP
082 _a636.0896
_bS82
100 0 0 _aStableforth, A. W.
_eed
_9109364
245 _aInfectious diseases of animals
_b: diseases due to bacteria
260 _aLondon :
_bButterworths,
_c1959
300 _a2 v.
_b: ilus.
590 _aBATCH-UPD
_b10
_c20130110
_lUCH01
_h0439
590 _aBATCH-UPD
_b10
_c20130110
_lUCH01
_h2247
590 _aBATCH-UPD
_b10
_c20130410
_lUCH01
_h1541
590 _aBATCH-UPD
_b10
_c20130914
_lUCH01
_h0518
590 _aCONVERSION
_b10
_c20130109
_lUCH01
_h1331
650 1 4 _aBacteriología veterinaria.
_99338
650 1 4 _aEnfermedades infecciosas en animales.
_936936
700 0 _aGalloway, I. A.
_944464
901 _aBK
942 _cLIBRO
949 _a636.0896 S82
_bBC
_cLIBRO
_d33724000265245
_eLIBRO
_fv.1
_h29516
_i62381
_si
949 _a636.0896 S82
_bBC
_cLIBRO
_d33724000265252
_eLIBRO
_fv.2
_h29517
_i62381
_si
999 _c57254
_d57254